000 00733nam a2200241Ia 4500
003 OSt
005 20220923214901.0
006 a|||||r|||| 00| 0
007 ta
008 220922b |||||||| |||| 00| 0 hin d
024 _a173,482
037 _cTextual
040 _aARTS
_cARTS
_bhin
041 _2hin
_ahin
082 _aO152:6xN06x, J9
100 _aद्विवेदी, हजारी प्रसाद
245 0 _aकल्पलता
246 _aKalpalatā
260 _c1959
490 _aज्ञानमंडल ग्रन्थमाला; 56
942 _hO152:6xN06x, J9
_cTEXL
_2CC
999 _c327373
_d327373